[Event "London Classic op U1825 11th"]
[Site "London"]
[Date "2019.11.30"]
[Round "2"]
[White "Baroukh, Leon"]
[Black "Bovtramovics, Vladimirs"]
[Result "0-1"]
[WhiteElo "1630"]
[BlackElo "1804"]
[PlyCount "80"]
[EventDate "2019.11.29"]
[EventType "swiss"]
[EventRounds "5"]
[EventCountry "ENG"]
[SourceTitle "CBM 195 Extra"]
[Source "ChessBase"]
[SourceDate "2020.05.31"]
[SourceVersion "1"]
[SourceVersionDate "2020.05.31"]
[SourceQuality "1"]

1. d4 Nf6 2. c4 e6 3. Nc3 Bb4 4. f3 0-0 5. e4 d5 6. e5 Nh5 7. g3 c5 8. a3 cxd4 9. axb4 dxc3 10. bxc3 Nc6 11. cxd5 exd5 12. b5 Nxe5 13. f4 Ng4 14. Be2 Re8 15. Nf3 Nhf6 16. h3 Ne3 17. Bxe3 Rxe3 18. Qd2 Qe7 19. g4 Qc5 20. Rc1 Bd7 21. Qd4 Rc8 22. c4 dxc4 23. Qxc5 Rxc5 24. Kf2 Re4 25. Rhd1 Bxb5 26. Bxc4 Rexc4 27. Rd8+ Ne8 28. Re1 Rc8 29. Rd5 Bc6 30. Rde5 Rxf4 31. R1e3 Rxf3+ 32. Rxf3 Bxf3 33. Kxf3 Kf8 34. g5 f6 35. Rf5 Kf7 36. h4 Nd6 37. Rf4 f5 38. Rd4 Ke6 39. h5 Rc4 40. Rd3 a5 0-1

[Event "Torquay Rowena Challengers"]
[Site "Torquay"]
[Date "2019.09.05"]
[Round "5"]
[White "Bovtramovics, Vladimirs"]
[Black "Wilson, Matthew R"]
[Result "1-0"]
[WhiteElo "1804"]
[BlackElo "1835"]
[PlyCount "51"]
[EventDate "2019.09.01"]
[EventType "swiss"]
[EventRounds "7"]
[EventCountry "ENG"]
[SourceTitle "CBM 192 Extra"]
[Source "Chessbase"]
[SourceDate "2019.11.06"]
[SourceVersion "1"]
[SourceVersionDate "2019.11.06"]
[SourceQuality "1"]

1. Nf3 Nf6 2. d4 d5 3. c4 e6 4. cxd5 exd5 5. Nc3 c6 6. Qc2 Be7 7. Bg5 h6 8. Bf4 Nbd7 9. e3 Nh5 10. Bg3 Nxg3 11. hxg3 Nf6 12. Bd3 Be6 13. Ng5 Qd7 14. Nxe6 Qxe6 15. a3 Bd6 16. Bf5 Qe7 17. Rh3 g6 18. Bd3 Kf8 19. Kf1 Kg7 20. Re1 Qd7 21. f3 c5 22. Qd2 Rhe8 23. Bb5 Qc7 24. Bxe8 Rxe8 25. e4 Bxg3 26. Qxh6+ 1-0

[Event "Basingstoke Spring Bank op U1825"]
[Site "Basingstoke"]
[Date "2018.05.27"]
[Round "4.1"]
[White "Bovtramovics, Vladimirs"]
[Black "Henley, Robert"]
[Result "1/2-1/2"]
[WhiteElo "1822"]
[BlackElo "1765"]
[PlyCount "48"]
[EventDate "2018.05.25"]
[EventType "swiss"]
[EventRounds "7"]
[EventCountry "ENG"]
[SourceTitle "EXT 2023"]
[Source "ChessBase"]
[SourceDate "2022.10.05"]
[SourceVersion "1"]
[SourceVersionDate "2022.10.05"]
[SourceQuality "1"]

1. e4 e6 2. d4 d5 3. e5 c5 4. c3 Nc6 5. Nf3 Bd7 6. Be2 Nge7 7. Bg5 Qb6 8. Bxe7 Bxe7 9. Qd2 Rc8 10. 0-0 0-0 11. Re1 cxd4 12. cxd4 Bb4 13. Nc3 Bxc3 14. bxc3 Na5 15. Rab1 Qc7 16. Rec1 Rb8 17. Bd3 Nc4 18. Qe2 h6 19. g4 f6 20. h4 g5 21. hxg5 fxg5 22. Kg2 Rf4 23. Nh2 Rbf8 24. f3 a6 1/2-1/2

[Event "West Bromwich Midland op-B"]
[Site "West Bromwich"]
[Date "2017.08.13"]
[Round "5"]
[White "Bovtramovics, Vladimirs"]
[Black "Ashcroft, Graham J"]
[Result "0-1"]
[WhiteElo "1768"]
[BlackElo "1772"]
[PlyCount "77"]
[EventDate "2017.08.11"]
[EventType "swiss"]
[EventRounds "5"]
[EventCountry "ENG"]
[SourceTitle "CBM 180 Extra"]
[Source "ChessBase"]
[SourceDate "2017.10.06"]
[SourceVersion "1"]
[SourceVersionDate "2017.10.06"]
[SourceQuality "1"]

1. e4 e6 2. d4 d5 3. Nd2 Nf6 4. e5 Nfd7 5. c3 c5 6. Bd3 Nc6 7. Ne2 Qb6 8. Nf3 cxd4 9. cxd4 f6 10. Nf4 fxe5 11. Nxe6 e4 12. 0-0 Nf6 13. Nxf8 Rxf8 14. Re1 Bd7 15. Ne5 Nxe5 16. dxe5 Ng4 17. Be3 Nxe3 18. Rxe3 exd3 19. Qxd3 Qxb2 20. Rb1 Qxf2+ 21. Kh1 Bc6 22. e6 Rf6 23. e7 Rc8 24. h3 Rc7 25. Rbe1 d4 26. R3e2 Bxg2+ 27. Kh2 Be4+ 28. Rxf2 Bxd3 29. Rd2 Rc2 30. Red1 Rxd2+ 31. Rxd2 Rf3 32. Rg2 g6 33. Rg4 Bf5 34. Rxd4 Rxh3+ 35. Kg2 Kxe7 36. Rb4 b6 37. Ra4 a5 38. Rd4 Rd3 39. Rh4 0-1

[Event "GBR-ch Soanes op 104th"]
[Site "Llandudno"]
[Date "2017.07.29"]
[Round "3"]
[White "Bovtramovics, Vladimirs"]
[Black "Watson, Steven L"]
[Result "1-0"]
[WhiteElo "1744"]
[BlackElo "1566"]
[PlyCount "65"]
[EventDate "2017.07.28"]
[EventType "swiss"]
[EventRounds "5"]
[EventCountry "WLS"]
[SourceTitle "EXT 2019"]
[Source "ChessBase"]
[SourceDate "2018.10.10"]
[SourceVersion "1"]
[SourceVersionDate "2018.10.10"]
[SourceQuality "1"]

1. e4 e5 2. Nf3 Nc6 3. Bb5 a6 4. Ba4 Nf6 5. 0-0 Be7 6. Re1 b5 7. Bb3 0-0 8. c3 d6 9. h3 Na5 10. Bc2 c5 11. d4 Qc7 12. Bg5 Nc4 13. b3 Nb6 14. Nbd2 Bb7 15. Rc1 Nbd7 16. Bb1 Rfe8 17. Nf1 Bf8 18. Ng3 Rac8 19. Re2 Qb8 20. Qd2 Qa8 21. d5 Qb8 22. Nf5 Qc7 23. N3h4 Qd8 24. Re3 h6 25. Nxh6+ gxh6 26. Rg3 Bg7 27. Bxh6 Nh5 28. Rg5 Ndf6 29. Nf5 Nf4 30. Rxg7+ Kh8 31. Bxf4 exf4 32. Qxf4 Ng8 33. Rg4 1-0

[Event "London Classic op U1750 8th"]
[Site "London"]
[Date "2016.12.15"]
[Round "4"]
[White "Bovtramovics, Vladimirs"]
[Black "Stuart, Brian"]
[Result "0-1"]
[WhiteElo "1731"]
[BlackElo "1691"]
[PlyCount "58"]
[EventDate "2016.12.12"]
[EventType "swiss"]
[EventRounds "5"]
[EventCountry "ENG"]
[SourceTitle "EXT 2019"]
[Source "ChessBase"]
[SourceDate "2018.10.10"]
[SourceVersion "1"]
[SourceVersionDate "2018.10.10"]
[SourceQuality "1"]

1. e4 c5 2. Nf3 d6 3. c3 Nc6 4. d4 cxd4 5. cxd4 e6 6. Nc3 Nf6 7. Be2 Be7 8. 0-0 0-0 9. h3 a6 10. Be3 b5 11. a3 Bb7 12. b4 Rc8 13. Qd2 Qc7 14. Rac1 Qb8 15. Nh2 Rfd8 16. f4 d5 17. e5 Ne4 18. Nxe4 dxe4 19. f5 Nxe5 20. fxe6 fxe6 21. Rxc8 Qxc8 22. Rc1 Nc4 23. Bxc4 bxc4 24. Qc3 Bd5 25. Ng4 Bf6 26. Rf1 Rf8 27. Bf4 Qd7 28. Be5 Qd8 29. Qg3 Kh8 0-1

[Event "BCF-ch U150 103rd"]
[Site "Bournemouth"]
[Date "2016.07.29"]
[Round "1.8"]
[White "Sartain, Patrick"]
[Black "Bovtramovics, Vladimirs"]
[Result "0-1"]
[WhiteElo "1660"]
[BlackElo "1718"]
[PlyCount "52"]
[EventDate "2016.07.29"]
[EventType "swiss"]
[EventRounds "5"]
[EventCountry "ENG"]
[SourceTitle "EXT 2023"]
[Source "ChessBase"]
[SourceDate "2022.10.05"]
[SourceVersion "1"]
[SourceVersionDate "2022.10.05"]
[SourceQuality "1"]

1. e4 c6 2. f4 d5 3. e5 Bf5 4. Nf3 e6 5. Be2 Qb6 6. d4 c5 7. c3 cxd4 8. Qa4+ Nc6 9. cxd4 Bb4+ 10. Nc3 Be4 11. Be3 Bxf3 12. Bxf3 Nge7 13. 0-0 Nf5 14. Bf2 Nfxd4 15. Bxd5 exd5 16. Nxd5 Qa5 17. Qxa5 Bxa5 18. Rfd1 Nb5 19. Bc5 0-0-0 20. b4 Nc7 21. Bd6 Nxd5 22. bxa5 Nxf4 23. g3 Ne2+ 24. Kf2 Nc3 25. Rd3 Ne4+ 26. Kf3 Nxd6 0-1

[Event "BCF-ch Seniors 50 U150 /1750"]
[Site "Bournemouth"]
[Date "2016.07.27"]
[Round "3"]
[White "Pride, Stephen C"]
[Black "Bovtramovics, Vladimirs"]
[Result "0-1"]
[WhiteElo "1646"]
[BlackElo "1718"]
[PlyCount "120"]
[EventDate "2016.07.25"]
[EventType "swiss"]
[EventRounds "5"]
[EventCountry "ENG"]
[SourceTitle "EXT 2019"]
[Source "ChessBase"]
[SourceDate "2018.10.10"]
[SourceVersion "1"]
[SourceVersionDate "2018.10.10"]
[SourceQuality "1"]

1. d4 Nf6 2. Bg5 c6 3. Bxf6 gxf6 4. Nc3 f5 5. e3 e6 6. g3 d6 7. Bg2 Nd7 8. Qd2 Bh6 9. Nge2 Nf6 10. 0-0-0 Qc7 11. Kb1 a5 12. Qd3 a4 13. a3 Ra5 14. e4 fxe4 15. Nxe4 Nxe4 16. Bxe4 f5 17. Bf3 0-0 18. Rhg1 Kh8 19. g4 Rg8 20. gxf5 Rxg1 21. Rxg1 Rxf5 22. Be4 Rg5 23. Rxg5 Bxg5 24. f4 Bf6 25. c3 d5 26. Bg2 Qg7 27. Qg3 Qh6 28. Bf3 Bd7 29. Ka2 Qg6 30. Qxg6 hxg6 31. Kb1 Kg7 32. Kc2 Be7 33. Kd3 Bd6 34. Ke3 b6 35. Bg4 Kf6 36. h3 c5 37. Kd3 Bb5+ 38. Ke3 Bc4 39. Ng3 b5 40. Ne2 b4 41. cxb4 cxb4 42. axb4 Bxb4 43. Nc1 Bf8 44. Bd1 Bb5 45. Ne2 Bb4 46. Nc1 Be1 47. Nd3 Bg3 48. Nc5 Bh2 49. Nxa4 Bg1+ 50. Kf3 Bxd4 51. Nc3 Bd3 52. Kg3 Be3 53. Bg4 d4 54. Nd1 Bc1 55. Kf2 Bxf4 56. Ke1 e5 57. b4 e4 58. Bd7 e3 59. Nb2 Bg3+ 60. Kd1 e2+ 0-1

[Event "Crawley e2e4 Gatwick op U1850"]
[Site "Crawley"]
[Date "2016.05.27"]
[Round "1"]
[White "Bovtramovics, Vladimirs"]
[Black "Watson, Mikey J"]
[Result "1-0"]
[WhiteElo "1717"]
[BlackElo "1465"]
[PlyCount "109"]
[EventDate "2016.05.27"]
[EventType "swiss"]
[EventRounds "7"]
[EventCountry "ENG"]
[SourceTitle "EXT 2019"]
[Source "ChessBase"]
[SourceDate "2018.10.10"]
[SourceVersion "1"]
[SourceVersionDate "2018.10.10"]
[SourceQuality "1"]

1. e4 e6 2. Qe2 Be7 3. Nf3 Nf6 4. g3 b6 5. Bg2 0-0 6. 0-0 Bb7 7. d3 c5 8. Nc3 d5 9. e5 Nfd7 10. Nd2 Nc6 11. f4 Nd4 12. Qd1 Nf5 13. Nf3 Qc7 14. Ne2 Rac8 15. c3 Ba6 16. g4 Nh4 17. Nxh4 Bxh4 18. Rf3 Be7 19. g5 Bxg5 20. fxg5 Nxe5 21. Rh3 Qd7 22. Nf4 f6 23. Qh5 g6 24. Qe2 fxg5 25. Qxe5 gxf4 26. Bxf4 Rf5 27. Qd6 Qxd6 28. Bxd6 Rd8 29. Be7 Rd7 30. Bh4 g5 31. Be1 e5 32. Rg3 h5 33. Bd2 g4 34. h3 Kf7 35. hxg4 hxg4 36. Rf1 Kf6 37. b3 d4 38. Rxf5+ Kxf5 39. Be4+ Kf6 40. c4 Rg7 41. b4 Bc8 42. Rg2 Rg8 43. Rh2 g3 44. Rh6+ Kg7 45. Rg6+ Kf7 46. Rxg8 Kxg8 47. Kg2 Kf7 48. Kxg3 Ke6 49. bxc5 bxc5 50. Ba5 Bd7 51. Bc7 Ba4 52. Kf3 Bd1+ 53. Kf2 Bc2 54. Bb8 a6 55. Ba7 1-0

[Event "London Weekend U1800 7th"]
[Site "London"]
[Date "2015.12.05"]
[Round "2.7"]
[White "Bovtramovics, Vladimirs"]
[Black "Baroukh, Leon"]
[Result "1-0"]
[WhiteElo "1744"]
[BlackElo "1634"]
[PlyCount "85"]
[EventDate "2015.12.04"]
[EventType "swiss"]
[EventRounds "5"]
[EventCountry "ENG"]
[SourceTitle "EXT 2023"]
[Source "ChessBase"]
[SourceDate "2022.10.05"]
[SourceVersion "1"]
[SourceVersionDate "2022.10.05"]
[SourceQuality "1"]

1. e4 e5 2. Nf3 Nc6 3. g3 Bc5 4. Bg2 Nf6 5. d3 h6 6. 0-0 d6 7. c3 Bg4 8. h3 Bh5 9. Kh2 g5 10. g4 Bg6 11. b4 Bb6 12. a4 a6 13. Na3 Qe7 14. Nc4 Ba7 15. b5 Nd8 16. Ba3 Nd7 17. bxa6 bxa6 18. Ra2 h5 19. Kg3 Bc5 20. Bc1 f6 21. d4 exd4 22. cxd4 Bb4 23. e5 dxe5 24. dxe5 Nxe5 25. Nfxe5 fxe5 26. Bxa8 c6 27. Re2 e4 28. Qd4 0-0 29. Bb2 Ne6 30. Qh8+ Kf7 31. Ne5+ Ke8 32. Bxc6+ Kd8 33. Qh6 Bd6 34. Bxe4 Nf4 35. Rd2 Rf6 36. Bxg6 Nxg6 37. Qxg5 h4+ 38. Kh2 Rxf2+ 39. Rfxf2 Qxg5 40. Rxd6+ Ke7 41. Rxg6 Qe3 42. Rf7+ Ke8 43. Rg8# 1-0

[Event "London Weekend U1800 7th"]
[Site "London"]
[Date "2015.12.05"]
[Round "3.1"]
[White "Lazoni, Victor Hugo Boy"]
[Black "Bovtramovics, Vladimirs"]
[Result "1-0"]
[WhiteElo "1791"]
[BlackElo "1744"]
[PlyCount "67"]
[EventDate "2015.12.04"]
[EventType "swiss"]
[EventRounds "5"]
[EventCountry "ENG"]
[SourceTitle "EXT 2023"]
[Source "ChessBase"]
[SourceDate "2022.10.05"]
[SourceVersion "1"]
[SourceVersionDate "2022.10.05"]
[SourceQuality "1"]

1. d4 Nf6 2. Nf3 c5 3. e3 e6 4. Bd3 Nc6 5. b3 cxd4 6. exd4 d5 7. 0-0 Be7 8. Bb2 0-0 9. Nbd2 Nb4 10. Be2 Bd7 11. a3 Nc6 12. Bd3 a6 13. Re1 Rc8 14. Ne5 Be8 15. f4 Qb6 16. Ndf3 Nd7 17. Kh1 f6 18. Nxc6 Rxc6 19. f5 Bf7 20. fxe6 Bxe6 21. Re2 f5 22. Qe1 Bf6 23. a4 Rf7 24. a5 Qc7 25. Rxe6 g6 26. Rxc6 Qxc6 27. Ne5 Bxe5 28. dxe5 Qe6 29. Bd4 f4 30. Qe2 g5 31. Rf1 g4 32. c4 f3 33. gxf3 gxf3 34. Rxf3 1-0

[Event "London Golders Green op U1900 5th"]
[Site "London"]
[Date "2015.01.17"]
[Round "1"]
[White "Bovtramovics, Vladimirs"]
[Black "Brown, Terry"]
[Result "1-0"]
[WhiteElo "1790"]
[BlackElo "1550"]
[PlyCount "89"]
[EventDate "2015.01.17"]
[EventType "swiss"]
[EventRounds "5"]
[EventCountry "ENG"]
[SourceTitle "EXT 2018"]
[Source "ChessBase"]
[SourceDate "2017.10.13"]
[SourceVersion "1"]
[SourceVersionDate "2017.10.13"]
[SourceQuality "1"]

1. e4 c5 2. Nf3 Nc6 3. c3 Nf6 4. d3 d6 5. g3 g6 6. Bg2 Bg7 7. 0-0 c4 8. Re1 cxd3 9. Qxd3 Nd7 10. Bf4 0-0 11. Na3 Rb8 12. Qd2 Re8 13. Nc2 a5 14. Bh6 Bh8 15. Rad1 b5 16. Ncd4 Nce5 17. Qe2 Qb6 18. h3 Ba6 19. Nxe5 Nxe5 20. Bf1 Nc6 21. Be3 Qb7 22. a4 Nxd4 23. Bxd4 Qc6 24. Bxh8 Kxh8 25. Rd5 Qc4 26. axb5 Qxe2 27. Bxe2 Bb7 28. Rd4 Bc8 29. Kg2 Be6 30. Ra1 Ra8 31. Rda4 Reb8 32. b4 Bd7 33. c4 Rb6 34. bxa5 Rba6 35. R4a3 R6a7 36. b6 Rb7 37. f4 Bc6 38. Bf3 e5 39. Kf2 Kg7 40. fxe5 dxe5 41. c5 Bb5 42. Rd1 Kf6 43. Be2 Ba6 44. c6 Bxe2 45. cxb7 1-0

[Event "London Golders Green op U1900 3rd"]
[Site "London"]
[Date "2014.05.04"]
[Round "4"]
[White "Bovtramovics, Vladimirs"]
[Black "Sloan, Cecil"]
[Result "1/2-1/2"]
[WhiteElo "1749"]
[BlackElo "1702"]
[PlyCount "146"]
[EventDate "2014.05.03"]
[EventType "swiss"]
[EventRounds "6"]
[EventCountry "ENG"]
[SourceTitle "EXT 2018"]
[Source "ChessBase"]
[SourceDate "2017.10.13"]
[SourceVersion "1"]
[SourceVersionDate "2017.10.13"]
[SourceQuality "1"]

1. e4 c5 2. Nf3 g6 3. c4 Nc6 4. d4 cxd4 5. Nxd4 Nf6 6. Nc3 Nxd4 7. Qxd4 d6 8. Be2 Bg7 9. Be3 0-0 10. Qd2 Be6 11. Rc1 Qa5 12. f3 Rfc8 13. b3 Qd8 14. 0-0 a6 15. Na4 Nd7 16. f4 Nc5 17. Nxc5 dxc5 18. Qxd8+ Rxd8 19. Bxc5 Rd2 20. Bf3 Rxa2 21. Bxe7 Bd4+ 22. Kh1 Be3 23. Rcd1 Bxf4 24. Bf6 Bh6 25. Rd3 Bg7 26. e5 Bf5 27. Rd4 Bxf6 28. exf6 h5 29. Re1 Be6 30. g4 Rf2 31. Bd1 hxg4 32. Bxg4 Bxg4 33. Rxg4 Rxf6 34. Re7 Rb6 35. Rf4 Rf8 36. Rf3 Kg7 37. c5 Rb5 38. Rc7 Kh6 39. Kg2 f5 40. h4 Rd8 41. Re3 Rd2+ 42. Kg1 Kh5 43. Rh7+ Kg4 44. Rg7 Kf4 45. Rc3 Rb2 46. Rxg6 Ra5 47. Rc4+ Ke5 48. Rc1 Rxb3 49. h5 Raa3 50. h6 Rg3+ 51. Rxg3 Rxg3+ 52. Kf2 Rh3 53. c6 bxc6 54. Rxc6 a5 55. Ra6 Kf4 56. Rxa5 Rxh6 57. Ra4+ Kg5 58. Ra5 Rh3 59. Ra8 Rb3 60. Ra4 f4 61. Ra8 Rb5 62. Rg8+ Kf5 63. Ra8 Rd5 64. Rf8+ Ke4 65. Re8+ Re5 66. Rxe5+ Kxe5 67. Kf3 Kf5 68. Kf2 Ke4 69. Ke2 f3+ 70. Kf2 Kf4 71. Kf1 Ke3 72. Ke1 f2+ 73. Kf1 Kf3 1/2-1/2

[Event "London Golders Green op U1900 3rd"]
[Site "London"]
[Date "2014.05.04"]
[Round "3"]
[White "Williams, Stephen"]
[Black "Bovtramovics, Vladimirs"]
[Result "1-0"]
[WhiteElo "1629"]
[BlackElo "1749"]
[PlyCount "89"]
[EventDate "2014.05.03"]
[EventType "swiss"]
[EventRounds "6"]
[EventCountry "ENG"]
[SourceTitle "EXT 2018"]
[Source "ChessBase"]
[SourceDate "2017.10.13"]
[SourceVersion "1"]
[SourceVersionDate "2017.10.13"]
[SourceQuality "1"]

1. d4 Nf6 2. c4 e5 3. dxe5 Ng4 4. Nf3 Bc5 5. e3 Nc6 6. b3 0-0 7. Be2 Ngxe5 8. Nxe5 Nxe5 9. 0-0 Re8 10. Bb2 a5 11. Nc3 Ra6 12. Ne4 Ba7 13. Qd5 Rae6 14. Ng3 c6 15. Qd2 Qh4 16. Nf5 Qf6 17. Nd4 Qh4 18. Nxe6 Rxe6 19. Bxe5 Rxe5 20. Qd6 Re6 21. Qg3 Qe7 22. Rad1 Bc5 23. Qc7 Qf8 24. Rd3 Bd6 25. Qxa5 Rh6 26. h3 c5 27. Rfd1 b6 28. Qd2 Bc7 29. Bg4 f5 30. Bf3 Qe7 31. Rxd7 Bxd7 32. Qxd7 Qxd7 33. Rxd7 Be5 34. Bd5+ Kf8 35. Rf7+ Ke8 36. Rxf5 Bb2 37. a4 Bc3 38. Rf7 Rd6 39. Rb7 Kd8 40. f4 Kc8 41. Rf7 Kd8 42. Kf2 Ke8 43. Rb7 Kd8 44. Kf3 Ba5 45. Rxg7 1-0

[Event "London Golders Green op U1900 3rd"]
[Site "London"]
[Date "2014.05.03"]
[Round "2"]
[White "Bovtramovics, Vladimirs"]
[Black "Rocco, Federico"]
[Result "1/2-1/2"]
[WhiteElo "1749"]
[BlackElo "1750"]
[PlyCount "162"]
[EventDate "2014.05.03"]
[EventType "swiss"]
[EventRounds "6"]
[EventCountry "ENG"]
[SourceTitle "EXT 2018"]
[Source "ChessBase"]
[SourceDate "2017.10.13"]
[SourceVersion "1"]
[SourceVersionDate "2017.10.13"]
[SourceQuality "1"]

1. e4 Nf6 2. e5 Nd5 3. d4 d6 4. c4 Nb6 5. exd6 exd6 6. Nc3 g6 7. Be3 Bg7 8. Rc1 0-0 9. b3 Nc6 10. Be2 Re8 11. h3 Ne7 12. Nf3 Nf5 13. Bg5 Qd7 14. 0-0 h6 15. Bd2 Kh7 16. d5 Qd8 17. Bd3 Nh4 18. Ne4 Nxf3+ 19. Qxf3 Nd7 20. Bb1 Ne5 21. Qg3 Bf5 22. Rfe1 Nd7 23. Bc3 Bxc3 24. Nxc3 Bxb1 25. Rxb1 a6 26. f4 Qf6 27. Kh2 Qf5 28. Rbc1 Nf6 29. Qf3 h5 30. g3 g5 31. Kg2 g4 32. hxg4 hxg4 33. Qd1 Rxe1 34. Qxe1 Re8 35. Qd2 Kg7 36. Qc2 Kg6 37. Qxf5+ Kxf5 38. Kf2 Re7 39. Rh1 Ne4+ 40. Nxe4 Rxe4 41. Rh5+ Kf6 42. Rg5 Rd4 43. Ke2 Re4+ 44. Kd2 Rd4+ 45. Kc3 Re4 46. Rxg4 Re2 47. a4 Re3+ 48. Kc2 Re2+ 49. Kd3 Rb2 50. Kc3 Rf2 51. Rg8 Rf3+ 52. Kb2 Re3 53. a5 Re2+ 54. Ka3 Re1 55. Rb8 Ra1+ 56. Kb4 c5+ 57. Kc3 Rxa5 58. Rxb7 Ra1 59. Rb6 Rg1 60. Rxd6+ Kf5 61. Rxa6 Rxg3+ 62. Kb2 Rf3 63. Rc6 Rxf4 64. Rxc5 Ke5 65. Rc7 Rf2+ 66. Kc3 f5 67. Re7+ Kd6 68. Re6+ Kd7 69. c5 Rf1 70. b4 f4 71. b5 f3 72. Rf6 f2 73. Kd2 Rb1 74. Rf7+ Ke8 75. Rxf2 Rxb5 76. Kd3 Rxc5 77. Kd4 Rc1 78. Ke5 Ke7 79. d6+ Ke8 80. Rf4 Re1+ 81. Kf6 Kd7 1/2-1/2